000 01205nam a2200325 4500
001 191828
003 SpMaBN
005 20240209063127.0
008 221013s2004 sp | ||| ||spa
016 7 _abimoBNE20050183215 [
_2SpMaBN]
017 _aAS 481-2004
_bOficina Depósito Legal Asturias
020 _a84-9704-082-1
035 _a(OCoLC)57057300
040 _aSpMaBN
_bspa
_cSpMaBN
_erdc
080 _a02(038)
080 _a002.6(038)
080 _a930.25(038)
100 1 _aMartínez de Sousa, José,
_d1933-
_978033
245 1 0 _aDiccionario de bibliología y ciencias afines :
_bterminología relativa a archivística, artes e industrias gráficas, bibliofilia ... /
_cJosé Martínez de Sousa.
250 _a3ª ed., corr. y notablemente aum.
260 _aGijón :
_bTrea,
_c[2004]
300 _a1048 p. :
_bil. ;
_c25 cm.
504 _aBibliografía: p. [885]-945. Índice.
650 0 7 _aBiblioteconomía-
_vDiccionarios.
_910555
650 0 7 _aDocumentación-
_vDiccionarios.
_911961
650 0 7 _aArchivística-
_vDiccionarios.
_99950
852 _aES-MaACL
_jA-15049
_9 199110
_bR.134178
_cDEPO1
_dOlim: (038) 02 MAR dic
942 _2udc
999 _c191828
_d191828